000 01449cam a2200337 i 4500
999 _c2228
_d2228
001 .b15752781
003 OSt
005 20230403101545.0
008 180713t20111985enka j 000 1 eng d
020 _a9780192729996
_q(pbk.) :
035 _a(OCoLC)982697926
040 _aNZ1
_beng
_erda
_cNZ1
_dOCLCQ
_dTWWZU
_dKH8
042 _anbic
082 0 _a823.92 WIL
100 1 _aWilson, Jacqueline,
_eauthor.
245 1 0 _aHow to survive summer camp /
_cJacqueline Wilson ; illustrated by Nick Sharratt.
250 _aSpecial edition.
264 1 _aOxford :
_bOxford University Press,
_c2011.
264 4 _c©1985.
300 _a215 pages :
_billustrations ;
_c20 cm.
336 _atext
_btxt
_2rdacontent.
337 _aunmediated
_bn
_2rdamedia.
338 _avolume
_bnc
_2rdacarrier.
520 _aMum and Uncle Bill have gone off on a swanky honeymoon, while Stella's been dumped at Evergreen Summer Camp. Guess what? She's not happy about it. Things get worse. Stella loses all her hair (by accident), has to share a dorm with snobby Karen and Louise, and is forced into terrifying swimming lessons with Uncle Pong. It looks as if she is in for a nightmare summer. Includes bonus section with quizzes, recipes and activities.
521 _aPrimary, intermediate.
650 1 _aCamps
_vFiction.
650 1 _aGirls
_vFiction.
650 1 _aInterpersonal relations
_vFiction.
700 1 _aSharratt, Nick,
_eillustrator.
942 _2ddc
_cNFIC